<?xml version="1.0" encoding="UTF-8"?>
<record
    xmlns:xsi="http://www.w3.org/2001/XMLSchema-instance"
    xsi:schemaLocation="http://www.loc.gov/MARC21/slim http://www.loc.gov/standards/marcxml/schema/MARC21slim.xsd"
    xmlns="http://www.loc.gov/MARC21/slim">

  <leader>01032nam a22002417a 4500</leader>
  <controlfield tag="005">20250303034451.0</controlfield>
  <controlfield tag="008">250303b           ||||| |||| 00| 0 eng d</controlfield>
  <datafield tag="020" ind1=" " ind2=" ">
    <subfield code="a">9786214270798</subfield>
  </datafield>
  <datafield tag="040" ind1=" " ind2=" ">
    <subfield code="a">CvSU-CCAT Campus Library.</subfield>
    <subfield code="c">CvSU-CCAT Campus Library.</subfield>
    <subfield code="e">rda.</subfield>
  </datafield>
  <datafield tag="041" ind1=" " ind2=" ">
    <subfield code="a">English.</subfield>
  </datafield>
  <datafield tag="050" ind1=" " ind2=" ">
    <subfield code="a">F LB 2369</subfield>
    <subfield code="b">B35 2020</subfield>
  </datafield>
  <datafield tag="100" ind1=" " ind2=" ">
    <subfield code="a">Balahadia, Francis F., author.</subfield>
    <subfield code="9">14576</subfield>
  </datafield>
  <datafield tag="245" ind1=" " ind2=" ">
    <subfield code="a">Practical guide for writing information technology education : research project /</subfield>
    <subfield code="c">Francis F. Balahadia, Marmelo V. Abante, John Edgar S. Anthony.</subfield>
  </datafield>
  <datafield tag="260" ind1=" " ind2=" ">
    <subfield code="a">Intramuros, Manila :</subfield>
    <subfield code="b">Unlimited Books Library Services &amp; Publishing Inc.,</subfield>
    <subfield code="c">c2020.</subfield>
  </datafield>
  <datafield tag="300" ind1=" " ind2=" ">
    <subfield code="a">viii, 216 pages :</subfield>
    <subfield code="b">illustrations ;</subfield>
    <subfield code="c">26 cm</subfield>
  </datafield>
  <datafield tag="504" ind1=" " ind2=" ">
    <subfield code="a">Includes bibliographical references.</subfield>
  </datafield>
  <datafield tag="541" ind1=" " ind2=" ">
    <subfield code="e">13459 c.1; 13460 c.2</subfield>
  </datafield>
  <datafield tag="546" ind1=" " ind2=" ">
    <subfield code="a">In English text.</subfield>
  </datafield>
  <datafield tag="650" ind1=" " ind2=" ">
    <subfield code="a">Research, Academic.</subfield>
    <subfield code="9">14577</subfield>
  </datafield>
  <datafield tag="700" ind1=" " ind2=" ">
    <subfield code="a">Abante, Marmelo V., author.</subfield>
    <subfield code="9">14578</subfield>
  </datafield>
  <datafield tag="700" ind1=" " ind2=" ">
    <subfield code="a">Anthony, John Edgar S., author.</subfield>
    <subfield code="9">14579</subfield>
  </datafield>
  <datafield tag="942" ind1=" " ind2=" ">
    <subfield code="2">lcc</subfield>
    <subfield code="c">BK</subfield>
    <subfield code="h">LB 2369 B35 2020</subfield>
    <subfield code="k">F</subfield>
  </datafield>
  <datafield tag="999" ind1=" " ind2=" ">
    <subfield code="c">3878</subfield>
    <subfield code="d">3878</subfield>
  </datafield>
  <datafield tag="952" ind1=" " ind2=" ">
    <subfield code="0">0</subfield>
    <subfield code="1">0</subfield>
    <subfield code="2">lcc</subfield>
    <subfield code="4">0</subfield>
    <subfield code="7">0</subfield>
    <subfield code="8">NF</subfield>
    <subfield code="a">CCATLIB</subfield>
    <subfield code="b">CCATLIB</subfield>
    <subfield code="c">F</subfield>
    <subfield code="d">2025-02-25</subfield>
    <subfield code="e">Purchased from ESM Bookstore</subfield>
    <subfield code="f">F</subfield>
    <subfield code="g">636.00</subfield>
    <subfield code="l">0</subfield>
    <subfield code="o">F LB 2369 B35 2020</subfield>
    <subfield code="p">R0013459</subfield>
    <subfield code="r">2025-10-15 00:00:00</subfield>
    <subfield code="t">c.1</subfield>
    <subfield code="w">2025-03-03</subfield>
    <subfield code="y">BK</subfield>
  </datafield>
  <datafield tag="952" ind1=" " ind2=" ">
    <subfield code="0">0</subfield>
    <subfield code="1">0</subfield>
    <subfield code="2">lcc</subfield>
    <subfield code="4">0</subfield>
    <subfield code="7">0</subfield>
    <subfield code="8">NF</subfield>
    <subfield code="a">CCATLIB</subfield>
    <subfield code="b">CCATLIB</subfield>
    <subfield code="c">F</subfield>
    <subfield code="d">2025-02-25</subfield>
    <subfield code="e">Purchased from ESM Bookstore</subfield>
    <subfield code="f">F</subfield>
    <subfield code="g">636.00</subfield>
    <subfield code="l">0</subfield>
    <subfield code="o">F LB 2369 B35 2020</subfield>
    <subfield code="p">R0013460</subfield>
    <subfield code="r">2025-10-15 00:00:00</subfield>
    <subfield code="t">c.2</subfield>
    <subfield code="w">2025-03-03</subfield>
    <subfield code="y">BK</subfield>
  </datafield>
</record>
